• 首页
  • 本馆介绍
  • 公告通知
  • 最新文献
  • 馆藏检索
  • 电子资源
  • 读者导购
  • 参考咨询
  • 我的图书馆
  • 登录
  • 详细信息显示
  • 放入我的书架
  • 预约/预借图书
  • 作者相关作品
  • 分类相关作品
  • 丛书相关作品
  • 出版社相关作品

书目信息

  • 表格格式
  • 工作单格式
  • 卡片格式
题名:
水力学
    
 
作者: 西南交通大学水力学教研室院 编 ;西南交通大学 , 哈尔滨建工学院 编
分册:  
出版信息: 北京   高等教育出版社  1983
页数: 482页
开本: 21cm
丛书名:
单 册:
中图分类: TV13
科图分类:
主题词: 水力学 , 热工水力学
电子资源:
ISBN:
000 00819nam0 2200277 45
001 0179006918
005 20040514091711.9
010    @dCNY1.85
091    @a15010.0525
100    @a19950727d1983 em y0chiy0121 ea
101 0  @achi
102    @aCN@b110000
105    @ay z 000yy
106    @ar
200 10 @a水力学@Ashui li xue@f西南交通大学水力学教研室院编@FXi Nan Jiao Tong Da Xue Shui Li Xue Jiao Yan Shi Yuan Bian
210    @a北京@c高等教育出版社@d1983
215    @a482页@d21cm
300    @a高等学校试用教材
606 0  @a水力学
606 0  @a热工水力学
690    @aTV13
701  0 @a西南交通大学水力学教研室院@4编
711 02 @a西南交通大学@Axi nan jiao tong da xue@4编
711 02 @a哈尔滨建工学院@Aha er bin jian gong xue yuan@4编
801  0 @aCN@bNLC@c20040514
905    @f1@b111704@dTV13@e2-3
    
    水力学/西南交通大学水力学教研室院编.-北京:高等教育出版社,1983
    482页;21cm
    高等学校试用教材
    
    ISBN :CNY1.85
    
●
相关链接 在E读中查询图书 在五车中查询图书 在当当中查询图书 在豆瓣中查询图书


正题名:水力学     索取号:TV13/2-3         预约/预借

序号 登录号 条形码 馆藏地/架位号 状态 备注
1 0111704   001484076   第三借阅区/ [索取号:TV13/2-3] 在馆    
唐山师范学院图书馆 欢迎您!
大连网信软件有限公司© 版权所有